[Event "Titled Tuesday intern op 27th Apr"]
[Site "Chess.com INT"]
[Date "2021.04.27"]
[Round "10"]
[White "Koziol, Kamil"]
[Black "Petrova, Irina"]
[Result "1-0"]
[WhiteElo "2276"]
[BlackElo "2120"]
[PlyCount "95"]
[EventDate "2021.04.27"]
[EventType "swiss (blitz)"]
[EventRounds "11"]
[EventCountry "USA"]
[SourceTitle "CBM 202 Extra"]
[Source "ChessBase"]
[SourceDate "2021.07.31"]
[SourceVersion "1"]
[SourceVersionDate "2021.07.31"]
[SourceQuality "1"]

1. e4 d6 2. d4 Nf6 3. Nc3 e5 4. Nf3 Nbd7 5. Rg1 g6 6. g4 Bg7 7. g5 Nh5 8. Be3 0-0 9. Qd2 c6 10. 0-0-0 Qa5 11. dxe5 dxe5 12. Qd6 Re8 13. Bc4 Bf8 14. Qd2 b5 15. Bb3 b4 16. Ne2 Nc5 17. Bxc5 Bxc5 18. Ng3 Nxg3 19. hxg3 Be6 20. Kb1 Bxb3 21. cxb3 Rad8 22. Qc2 Bd4 23. Rh1 c5 24. Nd2 Qc7 25. Nc4 Qe7 26. Qd2 Bc3 27. Qe3 Bd4 28. Qd2 Bc3 29. Qc1 Bd4 30. Rh2 f6 31. Rdh1 fxg5 32. Rxh7 Qxh7 33. Rxh7 Kxh7 34. Qxg5 Bxf2 35. Nxe5 Rd6 36. Ng4 Bd4 37. e5 Bxe5 38. Nxe5 Rd1+ 39. Kc2 Rd6 40. Qh4+ Kg7 41. Qf4 Rde6 42. Ng4 Re2+ 43. Kd3 Re1 44. Qh6+ Kf7 45. Qh7+ Ke6 46. Qxg6+ Kd7 47. Nf6+ Kc8 48. Nxe8 1-0

[Event "POL-chT 1st League"]
[Site "Ustron"]
[Date "2020.09.11"]
[Round "7.5"]
[White "Koziol, Kamil"]
[Black "Licznerski, Lukasz"]
[Result "1/2-1/2"]
[WhiteElo "2296"]
[BlackElo "2377"]
[PlyCount "67"]
[EventDate "2020.09.05"]
[EventType "team-tourn"]
[EventRounds "9"]
[EventCountry "POL"]
[SourceTitle "CBM 198 Extra"]
[Source "ChessBase"]
[SourceDate "2020.11.30"]
[SourceVersion "1"]
[SourceVersionDate "2020.11.30"]
[SourceQuality "1"]
[WhiteTeam "Rybnik"]
[BlackTeam "Opole Rodlo"]
[WhiteTeamCountry "POL"]
[BlackTeamCountry "POL"]

1. e4 c5 2. Nf3 Nc6 3. Bb5 g6 4. Bxc6 dxc6 5. d3 Bg7 6. Nc3 e5 7. Be3 Qe7 8. h3 Nf6 9. Qd2 Nd7 10. 0-0 Nf8 11. a4 Ne6 12. Nh2 0-0 13. Rae1 b6 14. Ne2 a6 15. b3 b5 16. f4 exf4 17. Nxf4 Nd4 18. Ne2 Be6 19. Nf3 Nxe2+ 20. Rxe2 c4 21. bxc4 bxc4 22. d4 Qa3 23. c3 Qxa4 24. Bh6 Qa3 25. Qf4 Bxh6 26. Qxh6 f6 27. e5 f5 28. Nh4 Qe7 29. Nxg6 hxg6 30. Qxg6+ Kh8 31. Qh6+ Kg8 32. Qg6+ Kh8 33. Qh6+ Kg8 34. Qg6+ 1/2-1/2

[Event "POL-chT 1st League"]
[Site "Ustron"]
[Date "2020.09.08"]
[Round "4.2"]
[White "Koziol, Kamil"]
[Black "Dudzinski, Pawel"]
[Result "1-0"]
[WhiteElo "2296"]
[BlackElo "2199"]
[PlyCount "83"]
[EventDate "2020.09.05"]
[EventType "team-tourn"]
[EventRounds "9"]
[EventCountry "POL"]
[SourceTitle "CBM 198 Extra"]
[Source "ChessBase"]
[SourceDate "2020.11.30"]
[SourceVersion "1"]
[SourceVersionDate "2020.11.30"]
[SourceQuality "1"]
[WhiteTeam "Rybnik"]
[BlackTeam "Ostrow Wielkopolski"]
[WhiteTeamCountry "POL"]
[BlackTeamCountry "POL"]

1. e4 c6 2. d4 d5 3. Nc3 g6 4. h3 Bg7 5. Nf3 Nf6 6. e5 Ne4 7. Nxe4 dxe4 8. Ng5 c5 9. dxc5 Qxd1+ 10. Kxd1 Bxe5 11. Bc4 0-0 12. c3 a5 13. Be3 Kg7 14. Nxe4 f5 15. Ng5 f4 16. Bd2 h6 17. Nf3 Bc7 18. Re1 Kf6 19. g4 fxg3 20. Bxh6 Rd8+ 21. Kc1 gxf2 22. Bg5+ Kf5 23. Rxe7 Bf4+ 24. Kc2 Bxg5 25. Rf7+ Bf6 26. Rf1 Be6 27. Nh4+ Ke4 28. Bd3+ Rxd3 29. Rxf6 Rxh3 30. Rxe6+ Kd5 31. Nxg6 Rxc3+ 32. Kxc3 Kxe6 33. Rxf2 Na6 34. Kc4 Rc8 35. Nf4+ Kd7 36. Nd3 b6 37. Rf7+ Ke6 38. Rb7 Nc7 39. Rxb6+ Ke7 40. Nf4 Rd8 41. Rb7 Kd7 42. Rxc7+ 1-0

[Event "CZE-chT 1920"]
[Site "Czech Republic"]
[Date "2020.01.25"]
[Round "5.4"]
[White "Koziol, Kamil"]
[Black "Sergeev, Vladimir"]
[Result "0-1"]
[WhiteElo "2283"]
[BlackElo "2395"]
[PlyCount "70"]
[EventDate "2019.10.12"]
[EventType "team-tourn"]
[EventRounds "11"]
[EventCountry "CZE"]
[SourceTitle "CBM 194 Extra"]
[Source "ChessBase"]
[SourceDate "2020.03.31"]
[SourceVersion "1"]
[SourceVersionDate "2020.03.31"]
[SourceQuality "1"]
[WhiteTeam "Ostrava Labortech"]
[BlackTeam "Praha Dopravni Podnik"]
[WhiteTeamCountry "CZE"]
[BlackTeamCountry "CZE"]

1. e4 c6 2. d4 d5 3. e5 Bf5 4. Nf3 e6 5. Be2 Nd7 6. 0-0 Ne7 7. Re1 h6 8. a4 Bg6 9. a5 Nf5 10. c3 Be7 11. Nbd2 0-0 12. Nf1 c5 13. g4 Nh4 14. Nxh4 Bxh4 15. Ng3 cxd4 16. cxd4 Rc8 17. Rf1 f6 18. f4 Bc2 19. Qd2 fxe5 20. fxe5 Rxf1+ 21. Bxf1 Bxg3 22. hxg3 Be4 23. Bd3 Nb8 24. Ra3 Nc6 25. a6 b6 26. Rc3 Nxd4 27. Bxe4 dxe4 28. Kg2 Rc5 29. Qe3 Qd5 30. g5 hxg5 31. g4 Nf3 32. b4 Rc4 33. Bb2 Rxb4 34. Rc8+ Kh7 35. Ba3 Rb3 0-1